[Event "Sachsen-ch U14 Girls"]
[Site "Sebnitz"]
[Date "2013.04.05"]
[Round "5"]
[White "Hruschka, Vivian"]
[Black "Mueller, Charlotte"]
[Result "0-1"]
[WhiteElo "802"]
[BlackElo "667"]
[PlyCount "58"]
[EventDate "2013.04.02"]
[EventType "swiss"]
[EventRounds "7"]
[EventCountry "GER"]
[SourceTitle "EXT 2014"]
[Source "ChessBase"]
[SourceDate "2013.11.20"]
[SourceVersion "1"]
[SourceVersionDate "2013.11.20"]
[SourceQuality "1"]

1. e4 e5 2. Bc4 Nc6 3. d3 Bc5 4. Nf3 Nf6 5. Nc3 d6 6. Bg5 Be6 7. Bb3 h6 8. Bh4 g5 9. Bg3 Qd7 10. Qe2 d5 11. 0-0-0 0-0-0 12. Na4 Bb6 13. Nc3 Qe7 14. Ba4 d4 15. Nb5 Nb4 16. Kb1 Bxa2+ 17. Ka1 Be6 18. Bxe5 Qc5 19. Kb1 g4 20. Nh4 Qxe5 21. h3 gxh3 22. Nf3 Qc5 23. gxh3 Na2 24. Ka1 Nc3 25. Nxc3 dxc3 26. bxc3 Qa3+ 27. Kb1 Ba5 28. c4 Bc3 29. Nd2 Qa1# 0-1